00799 a2200193 4500003000500000005001700005010001600022020001500038040000900053082001200062100001600074245008600090260003300176300002100209505029000230650003000520650002900550650002600579NUST20221207153528.0 a 78314992 a0370300629 cNust00a297,EAT1 aEaton, Gai,10aKing of the castle :bchoice and responsibility in the modern world /cGai Eaton. aLahorebSuhail Academyc1999 a219 p. :c23 cm. aIntroduction (Page-7), Unreal Cities (Page-23), The Cost Of Wealth (Page-43), Liberty And Obedience (Page-62), Man In Society (Page-88), Man As Viceroy (Page-114), Knowledge And Its Counterfeits (Page-142), The Only Heritage We Have (Page-165), What We Are And Where We Are (Page-184). 0aCivilizationxPhilosophy. 0aPhilosophy and religion. 0aReligionxPhilosophy.